000 00367nam a2200097Ia 4500
082 _a650.1|RAMP
245 0 _aPersonal balanced scorecard : the way to individual happiness, personal integrity, and organisational effectiveness
100 _a Rampersad, Hubert K. Randburg, South Africa, 2006
_956472
942 _cBK
008 210817s9999 xx 000 0 und d
999 _c176792
_d176791